000 00319nam a22001337a 4500
008 170131b xxu||||| |||| 00| 0 eng d
020 _a0721677061
041 _aeng
080 _a61
100 _a3
101 _aSHM
245 _aDIAGNOSIS AND MANAGEMENT OF CUTANEOUS MALIGNANT MELANOMA
_cROSES, D.F
942 _2udc
_cBK
999 _c4118
_d4118